[Event "DSIM-Finale"]
[Site "T#645894Emanuel Laske"]
[Date "2020.05.09"]
[Round "9"]
[White "Roven Vogel"]
[Black "Vincent Keymer"]
[Result "0-1"]
[WhiteElo "2465"]
[BlackElo "2243"]
[PlyCount "86"]
[EventDate "2020.05.09"]
[EventType "tourn (blitz)"]

1. Nf3 {[%emt 0:00:02]} d5 {[%emt 0:00:01]} 2. d4 {[%emt 0:00:02]} Nf6 {[%emt 0:00:01]} 3. c4 {[%emt 0:00:01]} e6 {[%emt 0:00:01]} 4. g3 {[%emt 0:00:03]} Bb4+ {[%emt 0:00:02]} 5. Bd2 {[%emt 0:00:14]} Be7 {[%emt 0:00:02]} 6. Bg2 {[%emt 0:00:01]} O-O {[%emt 0:00:00]} 7. O-O {[%emt 0:00:02]} c6 {[%emt 0:00:00]} 8. Qc2 {[%emt 0:00:02]} Nbd7 {[%emt 0:00:01]} 9. Bf4 {[%emt 0:00:01]} b6 {[%emt 0:00:01]} 10. Rd1 {[%emt 0:00:04]} Bb7 {[%emt 0:00:10]} 11. Nc3 {[%emt 0:00:04]} dxc4 {[%emt 0:00:02]} 12. e4 {[%emt 0:00:01]} b5 {[%emt 0:00:04]} 13. h4 {[%emt 0:00:06]} Re8 {[%emt 0:00:05]} 14. a4 {[%emt 0:00:47]} b4 {[%emt 0:00:03]} 15. Ne2 {[%emt 0:00:01]} c5 {[%emt 0:00:01]} 16. e5 {[%emt 0:00:08]} Nd5 {[%emt 0:00:10]} 17. Qxc4 {[%emt 0:00:03]} a5 {[%emt 0:00:06]} 18. Qc2 {[%emt 0:00:18]} Rc8 {[%emt 0:00:12]} 19. Ng5 {[%emt 0:00:18]} Bxg5 {[%emt 0:00:15]} 20. Bxg5 {[%emt 0:00:02]} cxd4 {[%emt 0:00:13]} 21. Qd2 {[%emt 0:00:07]} Qc7 {[%emt 0:00:04]} 22. Qxd4 {[%emt 0:00:02]} Qxe5 {[%emt 0:00:06]} 23. Qxe5 {[%emt 0:00:07]} Nxe5 {[%emt 0:00:00]} 24. Nd4 {[%emt 0:00:00]} h6 {[%emt 0:00:07]} 25. Bd2 {[%emt 0:00:01]} Nc4 {[%emt 0:00:02]} 26. b3 {[%emt 0:00:17]} Nxd2 {[%emt 0:00:05]} 27. Rxd2 {[%emt 0:00:00]} Red8 {[%emt 0:00:10]} 28. Nb5 {[%emt 0:00:03]} Rc5 {[%emt 0:00:13]} 29. Rad1 {[%emt 0:00:06]} Kf8 {[%emt 0:00:05]} 30. Nd4 {[%emt 0:00:10]} Ke7 {[%emt 0:00:11]} 31. Bf1 {[%emt 0:00:01]} Rcc8 {[%emt 0:00:04]} 32. Nb5 {[%emt 0:00:13]} Nc3 {[%emt 0:00:13]} 33. Rxd8 {[%emt 0:00:03]} Rxd8 {[%emt 0:00:00]} 34. Rxd8 {[%emt 0:00:00]} Kxd8 {[%emt 0:00:01]} 35. Nd6 {[%emt 0:00:00]} Bd5 {[%emt 0:00:01]} 36. Bc4 {[%emt 0:00:01]} Ke7 {[%emt 0:00:02]} 37. Nc8+ {[%emt 0:00:06]} Kd7 {[%emt 0:00:07]} 38. Nb6+ {[%emt 0:00:04]} Kc6 {[%emt 0:00:01]} 39. Nxd5 {[%emt 0:00:01]} exd5 {[%emt 0:00:12]} 40. Bd3 {[%emt 0:00:01]} Kc5 {[%emt 0:00:03]} 41. Kf1 {[%emt 0:00:04]} Kd4 {[%emt 0:00:01]} 42. Bh7 {[%emt 0:00:01]} Ne4 {[%emt 0:00:03]} 43. Ke2 {[%emt 0:00:03]} Nc5 {[%emt 0:00:01] Roven Vogel gibt auf (Lag: Av=0.85s, max=1.2s)} 0-1

[Event "DSIM-Finale"]
[Site "T#645894Emanuel Laske"]
[Date "2020.05.09"]
[Round "9"]
[White "Daniel Hausrath"]
[Black "Alex Donchenko"]
[Result "0-1"]
[WhiteElo "1620"]
[BlackElo "1697"]
[Annotator "NA"]
[PlyCount "104"]
[EventDate "2020.05.09"]
[EventType "tourn (blitz)"]

1. Nf3 {[%emt 0:00:02]} d5 {[%emt 0:00:02]} 2. g3 {[%emt 0:00:01]} c5 {[%emt 0:00:01]} 3. Bg2 {[%emt 0:00:01]} Nf6 {[%emt 0:00:01]} 4. O-O {[%emt 0:00:01]} e6 {[%emt 0:00:00]} 5. d3 {[%emt 0:00:02]} Nc6 {[%emt 0:00:02]} 6. c3 {[%emt 0:00:01]} Be7 {[%emt 0:00:02]} 7. a3 {[%emt 0:00:01]} O-O {[%emt 0:00:02]} 8. b4 {[%emt 0:00:01]} b6 {[%emt 0:00:08]} 9. Nbd2 {[%emt 0:00:02]} Bb7 {[%emt 0:00:02]} 10. Rb1 {[%emt 0:00:02]} Rc8 {[%emt 0:00:07]} 11. bxc5 {[%emt 0:00:23]} Bxc5 {[%emt 0:00:01]} 12. c4 {[%emt 0:00:02]} Qe7 {[%emt 0:00:07]} 13. Qa4 {[%emt 0:00:32]} Na5 {[%emt 0:00:20]} 14. Ne5 {[%emt 0:00:20]} Qc7 {[%emt 0:00:58]} 15. Bb2 {[%emt 0:00:09]} d4 {[%emt 0:00:01]} 16. Bxb7 {[%emt 0:00:12]} Nxb7 {[%emt 0:00:00]} 17. Ndf3 {[%emt 0:00:05]} Rfd8 {[%emt 0:00:09]} 18. Bc1 {[%emt 0:00:13]} Na5 {[%emt 0:00:12]} 19. Bf4 {[%emt 0:00:12]} Nh5 {[%emt 0:00:06]} 20. Ng6 {[%emt 0:00:14]} Qc6 {[%emt 0:00:16]} 21. Qxc6 {[%emt 0:00:03]} Nxc6 {[%emt 0:00:00]} 22. Nge5 {[%emt 0:00:01]} Nxf4 {[%emt 0:00:03]} 23. gxf4 {[%emt 0:00:01]} Ne7 {[%emt 0:00:14]} 24. Nd2 {[%emt 0:00:08]} f6 {[%emt 0:00:24]} 25. Nef3 {[%emt 0:00:04]} Ng6 {[%emt 0:00:00]} 26. Ne4 {[%emt 0:00:04]} Nxf4 {[%emt 0:00:02]} 27. Rb2 {[%emt 0:00:18]} Bxa3 {[%emt 0:00:02]} 28. Ra2 {[%emt 0:00:01]} Bf8 {[%emt 0:00:08]} 29. Rxa7 {[%emt 0:00:01]} Nxe2+ {[%emt 0:00:01]} 30. Kh1 {[%emt 0:00:00]} Kh8 {[%emt 0:00:12]} 31. Rfa1 {[%emt 0:00:05]} Nf4 {[%emt 0:00:02]} 32. Ne1 {[%emt 0:00:09]} h6 {[%emt 0:00:07]} 33. h4 {[%emt 0:00:09]} f5 {[%emt 0:00:01]} 34. Nd2 {[%emt 0:00:06]} e5 {[%emt 0:00:05]} 35. Ndf3 {[%emt 0:00:01]} e4 {[%emt 0:00:01]} 36. Ne5 {[%emt 0:00:01]} Re8 {[%emt 0:00:04]} 37. Nf7+ {[%emt 0:00:07]} Kg8 {[%emt 0:00:00]} 38. dxe4 {[%emt 0:00:01]} fxe4 {[%emt 0:00:00]} 39. Nc2 {[%emt 0:00:01]} d3 {[%emt 0:00:05]} 40. Ne3 {[%emt 0:00:01]} Rcd8 {[%emt 0:00:05]} 41. Rg1 {[%emt 0:00:06]} Ne2 {[%emt 0:00:04]} 42. Rg4 {[%emt 0:00:06]} Ra8 {[%emt 0:00:01]} 43. Nxh6+ {[%emt 0:00:03]} Kh7 {[%emt 0:00:00]} 44. Rf7 {[%emt 0:00:02]} Kxh6 {[%emt 0:00:02]} 45. Nf5+ {[%emt 0:00:02]} Kh7 {[%emt 0:00:00]} 46. Nxg7 {[%emt 0:00:02]} Re7 {[%emt 0:00:00]} 47. Rxe7 {[%emt 0:00:09]} Bxe7 {[%emt 0:00:00]} 48. Nf5 {[%emt 0:00:01]} d2 {[%emt 0:00:01]} 49. Rg7+ {[%emt 0:00:02]} Kh8 {[%emt 0:00:01]} 50. Rxe7 {[%emt 0:00:01]} d1=Q+ {[%emt 0:00:01]} 51. Kh2 {[%emt 0:00:00]} Qg1+ {[%emt 0:00:01]} 52. Kh3 {[%emt 0:00:00]} Nf4# {[%emt 0:00:02] (Lag: Av=0.18s, max=0.8s)} 0-1

[Event "DSIM-Finale"]
[Site "T#645894Emanuel Laske"]
[Date "2020.05.09"]
[Round "9"]
[White "Ilja Schneider"]
[Black "Lizzy Paehtz"]
[Result "1/2-1/2"]
[WhiteElo "1620"]
[BlackElo "2427"]
[Annotator "TA"]
[PlyCount "79"]
[EventDate "2020.05.09"]
[EventType "tourn (blitz)"]

{[%evp 9,79,47,75,58,104,85,113,118,119,75,88,62,234,72,75,52,58,39,141,151,147,54,85,88,87,87,87,87,83,85,97,59,99,74,138,126,149,0,27,0,0,0,0,0,0,-13,0,-7,0,0,0,0,19,0,0,0,0,0,0,0,0,0,0,0,0,0,0,0,0,0,0,0]} 1. d4 e6 2. e4 d5 3. Bd3 a6 4. exd5 Qxd5 5. Nf3 Nf6 6. O-O {[#] C01: French: Exchange Variation.} Nc6 $146 ({Predecessor:} 6... b5 7. Bg5 Bb7 8. Nbd2 Nc6 9. c4 bxc4 10. Bxc4 Qf5 11. Bxf6 gxf6 12. Re1 Be7 13. Nf1 {0-1 (32) Gras,D (2011)-Leconte,M (2345) France 2008}) 7. Nc3 Qd6 8. Re1 {White is better.} Be7 9. Bg5 O-O 10. Qd2 b5 $2 (10... Nd5 $14) 11. a4 $2 (11. Bxf6 $1 $18 {is the precise move to win.} Bxf6 12. Ne4) 11... b4 $16 12. Ne4 Nxe4 $1 13. Bxe4 {Strongly threatening Bxe7.} Bb7 {[#]} (13... Bxg5 $1 $14 14. Qxg5 (14. Nxg5 h6 $14) 14... h6) 14. Bxe7 $1 Qxe7 {[#]} 15. Ne5 ({White should play} 15. d5 $1 $16 {[%cal Rd5c6]} Rad8 16. Qe2) 15... Nxe5 16. Bxb7 Ra7 17. Bxa6 Nf3+ 18. gxf3 Rxa6 19. Re5 Rfa8 20. b3 Rd8 21. Rae1 g6 (21... Qf6 $142) 22. d5 Qd6 23. Qd4 ({White should try} 23. c4 $16) 23... Ra5 24. Rd1 Rxd5 {The position is equal.} 25. Rxd5 exd5 $11 {[%mdl 4096] Endgame KQR-KQR} 26. a5 c5 27. Qe3 Kg7 28. Ra1 Ra8 29. a6 Ra7 30. Ra5 d4 31. Qe4 Rxa6 32. Rxa6 Qxa6 {KQ-KQ} 33. Qe5+ {[%mdl 64] Double Attack} Qf6 34. Qxc5 Qf4 35. Qxb4 Qc1+ 36. Kg2 Qg5+ 37. Kf1 Qc1+ $1 38. Kg2 Qg5+ 39. Kf1 Qc1+ $1 40. Kg2 {Black escapes into a draw. Accuracy: White = 67%, Black = 66%.} 1/2-1/2

[Event "DSIM-Finale"]
[Site "T#645894Emanuel Laske"]
[Date "2020.05.09"]
[Round "9"]
[White "Jonas Eilenberg"]
[Black "Georg Meier"]
[Result "0-1"]
[WhiteElo "1620"]
[BlackElo "2555"]
[Annotator "TA"]
[PlyCount "42"]
[EventDate "2020.05.09"]
[EventType "tourn (blitz)"]

{[%evp 16,42,18,13,14,-10,-16,0,0,-39,-42,-62,0,-21,-15,-194,-130,-143,-129,-372,-347,-348,-356,-318,-339,-1048,-1020,-1045,-1047]} 1. d4 e6 2. Nf3 Nf6 3. e3 d5 4. Bd3 Bd6 5. O-O O-O 6. b3 c5 7. Bb2 Nc6 8. a3 b6 9. Nbd2 Bb7 {D05: Colle System with ...e6.} 10. Ne5 Rc8 11. f4 Ne7 {[%cal Bc6e7,Be7f5,Bf5e3,Be3f1][%mdl 32] The position is equal.} 12. Rc1 Nf5 13. Qf3 {[#]} h5 $146 (13... Qe7 $15 14. g4 c4 15. gxf5 cxd3 16. fxe6 dxc2 17. exf7+ Rxf7) ({Predecessor:} 13... Qe7 14. a4 c4 15. Bxf5 exf5 16. c3 Ne4 17. Qe2 Nxd2 18. Qxd2 f6 19. Nf3 cxb3 {0-1 (34) Stancu,O (2012)-Dolana,A (2354) Cap Aurora 2016}) 14. Qh3 g6 15. g4 $2 (15. Rfe1 $11 {and White has nothing to worry.}) 15... hxg4 (15... Nxg4 $19 16. Bxf5 exf5) 16. Nxg4 $17 Nxg4 17. Qxg4 $2 {White does not recover from this.} (17. dxc5 $17 d4 18. cxd6 Ngxe3 19. Bxd4 {[%mdl 64] Remove Defender} Nxd4 20. Qxe3 Qxd6 21. Ne4 Bxe4 22. Bxe4) 17... Nxe3 {[%mdl 64] [#] Double Attack} 18. Qg3 Nxf1 19. Rxf1 {Now Bxg6! and White clings on.} Qf6 20. dxc5 $2 (20. Rf2) 20... Bxc5+ $19 21. Kg2 Qxb2 {Accuracy: White = 37%, Black = 74%.} 0-1

[Event "DSIM-Finale"]
[Site "T#645894Emanuel Laske"]
[Date "2020.05.09"]
[Round "9"]
[White "Luis Engel"]
[Black "Rasmus Svane"]
[Result "0-1"]
[WhiteElo "1620"]
[BlackElo "1620"]
[Annotator "NA"]
[PlyCount "116"]
[EventDate "2020.05.09"]
[EventType "tourn (blitz)"]

1. e4 {[%emt 0:00:01]} c6 {[%emt 0:00:01]} 2. d4 {[%emt 0:00:02]} d5 {[%emt 0:00:00]} 3. e5 {[%emt 0:00:01]} Bf5 {[%emt 0:00:01]} 4. Nf3 {[%emt 0:00:01]} e6 {[%emt 0:00:01]} 5. Be2 {[%emt 0:00:01]} Ne7 {[%emt 0:00:01]} 6. O-O {[%emt 0:00:01]} Ng6 {[%emt 0:00:05]} 7. Ne1 {[%emt 0:00:15]} h5 {[%emt 0:00:03]} 8. f4 {[%emt 0:00:05]} c5 {[%emt 0:00:07]} 9. c3 {[%emt 0:00:02]} Nc6 {[%emt 0:00:02]} 10. Be3 {[%emt 0:00:03]} Qb6 {[%emt 0:00:13]} 11. Qb3 {[%emt 0:00:18]} c4 {[%emt 0:00:18]} 12. Qxb6 {[%emt 0:00:03]} axb6 {[%emt 0:00:00]} 13. Nd2 {[%emt 0:00:02]} b5 {[%emt 0:00:02]} 14. h3 {[%emt 0:00:18]} h4 {[%emt 0:00:03]} 15. Bg4 {[%emt 0:00:09]} b4 {[%emt 0:00:19]} 16. Bxf5 {[%emt 0:00:05]} exf5 {[%emt 0:00:00]} 17. Nc2 {[%emt 0:00:03]} b5 {[%emt 0:00:11]} 18. Rfb1 {[%emt 0:00:17]} Kd7 {[%emt 0:00:07]} 19. Nf3 {[%emt 0:00:05]} Be7 {[%emt 0:00:05]} 20. Bd2 {[%emt 0:00:05]} bxc3 {[%emt 0:00:15]} 21. bxc3 {[%emt 0:00:02]} Rhb8 {[%emt 0:00:14]} 22. a3 {[%emt 0:00:10]} Nd8 {[%emt 0:00:02]} 23. Ra2 {[%emt 0:00:08]} Ne6 {[%emt 0:00:05]} 24. Rab2 {[%emt 0:00:02]} Kc6 {[%emt 0:00:08]} 25. Ne3 {[%emt 0:00:04]} Bxa3 {[%emt 0:00:07]} 26. Ra2 {[%emt 0:00:05]} Bf8 {[%emt 0:00:16]} 27. Rxa8 {[%emt 0:00:03]} Rxa8 {[%emt 0:00:00]} 28. Nxf5 {[%emt 0:00:03]} Ngxf4 {[%emt 0:00:03]} 29. N5xh4 {[%emt 0:00:18]} b4 {[%emt 0:00:06]} 30. cxb4 {[%emt 0:00:05]} c3 {[%emt 0:00:04]} 31. b5+ {[%emt 0:00:12]} Kb6 {[%emt 0:00:01]} 32. Bxf4 {[%emt 0:00:03]} Nxf4 {[%emt 0:00:00]} 33. Kf1 {[%emt 0:00:08]} Nd3 {[%emt 0:00:49]} 34. Ne1 {[%emt 0:00:02]} Nxe1 {[%emt 0:00:03]} 35. Kxe1 {[%emt 0:00:10]} Ra2 {[%emt 0:00:03]} 36. Rc1 {[%emt 0:00:01]} Kxb5 {[%emt 0:00:04]} 37. Nf5 {[%emt 0:00:05]} Ba3 {[%emt 0:00:08]} 38. Rb1+ {[%emt 0:00:05]} Kc4 {[%emt 0:00:05]} 39. Rb7 {[%emt 0:00:07]} Kd3 {[%emt 0:00:04]} 40. Rb3 {[%emt 0:00:02]} Kc4 {[%emt 0:00:03]} 41. Rb7 {[%emt 0:00:02]} c2 {[%emt 0:00:01]} 42. Ne3+ {[%emt 0:00:02]} Kxd4 {[%emt 0:00:00]} 43. Nxc2+ {[%emt 0:00:01]} Rxc2 {[%emt 0:00:00]} 44. Rxf7 {[%emt 0:00:01]} Kxe5 {[%emt 0:00:01]} 45. Rxg7 {[%emt 0:00:01]} Ke4 {[%emt 0:00:05]} 46. h4 {[%emt 0:00:04]} Bc5 {[%emt 0:00:03]} 47. Kd1 {[%emt 0:00:10]} Ra2 {[%emt 0:00:01]} 48. Kc1 {[%emt 0:00:06]} Be3+ {[%emt 0:00:01]} 49. Kb1 {[%emt 0:00:01]} Rf2 {[%emt 0:00:01]} 50. h5 {[%emt 0:00:01]} d4 {[%emt 0:00:01]} 51. g4 {[%emt 0:00:03]} d3 {[%emt 0:00:01]} 52. Re7+ {[%emt 0:00:06]} Kd4 {[%emt 0:00:03]} 53. Rd7+ {[%emt 0:00:03]} Kc4 {[%emt 0:00:01]} 54. Rd6 {[%emt 0:00:04]} Rf1+ {[%emt 0:00:02]} 55. Kb2 {[%emt 0:00:01]} d2 {[%emt 0:00:00]} 56. h6 {[%emt 0:00:03]} d1=Q {[%emt 0:00:03]} 57. Rxd1 {[%emt 0:00:01]} Rxd1 {[%emt 0:00:00]} 58. h7 {[%emt 0:00:01]} Rh1 {[%emt 0:00:01] Luis Engel gibt auf (Lag: Av=0.27s, max=0.8s)} 0-1

[Event "DSIM-Finale"]
[Site "T#645894Emanuel Laske"]
[Date "2020.05.09"]
[Round "9"]
[White "Nikolas Lubbe"]
[Black "Christian Braun"]
[Result "1/2-1/2"]
[WhiteElo "1620"]
[BlackElo "2637"]
[Annotator "TA"]
[PlyCount "32"]
[EventDate "2020.05.09"]
[EventType "tourn (blitz)"]

{[%evp 9,32,-33,-33,-35,-31,-30,-24,-44,-8,-29,-28,-30,0,-13,-17,-14,0,6,13,15,13,14,32,39,30]} 1. Nf3 Nf6 2. b3 g6 3. Bb2 Bg7 4. e4 d6 5. Be2 O-O 6. d3 {A05: Réti Opening: 1 Nf3 Nf6.} c5 7. O-O Nc6 8. Nc3 {Black has an edge.} Bg4 $5 {[%mdl 4] Leaves trodden paths.} 9. h3 Bxf3 10. Bxf3 {[#]} Nd4 $146 ({Predecessor:} 10... Nd7 11. Rb1 e6 12. Bg4 Nde5 13. f4 Nxg4 14. hxg4 Bd4+ 15. Rf2 Qh4 16. Qf3 Bxf2+ 17. Qxf2 Qxf2+ 18. Kxf2 {1-0 (36) Bello,D (1605)-Rosario Tejada,A (1715) Santo Domingo 2015}) 11. Rb1 Nd7 12. Nd5 Nxf3+ 13. Qxf3 Bxb2 14. Rxb2 e6 15. Ne3 Qf6 16. Qxf6 Nxf6 {Black got outplayed after the opening. Accuracy: White = 100%, Black = 74%.} 1/2-1/2

[Event "DSIM-Finale"]
[Site "T#645894Emanuel Laske"]
[Date "2020.05.09"]
[Round "10"]
[White "Georg Meier"]
[Black "Roven Vogel"]
[Result "0-1"]
[WhiteElo "2555"]
[BlackElo "2465"]
[Annotator "TA"]
[PlyCount "124"]
[EventDate "2020.05.09"]
[EventType "tourn (blitz)"]

{[%evp 24,124,11,11,13,13,8,8,22,24,33,22,22,27,37,22,9,0,0,0,6,0,0,2,14,6,40,0,0,0,0,0,0,0,8,12,8,8,8,8,8,8,8,8,29,21,19,0,0,0,0,0,0,0,0,-372,-372,-372,-8,-27,0,-372,-372,-372,-372,-372,-372,-372,4631,4279,1989,-804,-804,-804,-674,-29965,0,0,0,-12827,0,-29940,-5081,-5065,0,0,0,0,29983,-29981,-29982,-29989,-29990,-29990,-29991,-29992,-29993,-29993,-29993,-29993,-29992,-29992,-29988]} 1. Nf3 d5 2. g3 g6 3. Bg2 Bg7 4. d4 Nf6 5. O-O O-O 6. c4 c6 7. cxd5 cxd5 8. Nc3 Ne4 9. Ne5 Nxc3 10. bxc3 Nc6 11. Nxc6 bxc6 12. Qa4 Qb6 13. Ba3 Qa6 {D79: Fianchetto Grünfeld: Symmetrical Variation (6 0-0 c6 7 cxd5 cxd5).} 14. Qxa6 Bxa6 15. Rfb1 Rfe8 {The position is equal.} 16. Bf1 Bf8 17. e3 Bxf1 18. Kxf1 Reb8 19. Ke2 e6 20. Bxf8 Kxf8 $11 {[%mdl 4096] Endgame KRR-KRR} 21. Kd3 {[#]} Rb6 $146 ({Predecessor:} 21... Ke7 22. c4 Kd6 23. c5+ Kc7 24. h4 f6 25. f4 h5 26. Kc2 Rxb1 27. Rxb1 Rg8 {½-½ (42) Erenberg,A (2463)-Jones,G (2688) Douglas 2019}) 22. Rb3 Rab8 23. Rab1 Ke7 24. c4 Kd7 25. e4 Rxb3+ 26. axb3 {KR-KR} a5 27. exd5 exd5 28. c5 g5 29. Kc3 Re8 30. Ra1 Re2 31. Rxa5 Rxf2 32. Ra7+ Kd8 $1 33. g4 h6 34. h3 f5 35. Rh7 Rf3+ 36. Kb4 Rxh3 37. gxf5 g4 {And now ...Rh5 would win.} 38. f6 {Strongly threatening Rh8+.} Ke8 39. Rg7 $2 {[%mdl 8192]} (39. Ka5 $11 {and White is okay.}) 39... h5 $19 40. Ka4 Rf3 $2 ({Black should play} 40... g3 $1 $19 {Hoping for ...h4.} 41. b4 h4) 41. Rh7 Rh3 $2 {[%mdl 8192]} (41... Rxf6 $11 42. Rxh5 Rg6) 42. Rg7 g3 $1 43. Ka5 h4 44. Kb6 Rh2 $1 {[%cal Rh2c2] Threatens to win with ...Rc2.} 45. Kxc6 g2 $4 {[%mdl 8192]} (45... Rb2 $19 46. Kxd5 g2) 46. Kd6 $18 h3 47. c6 $4 {[%mdl 8192]} (47. Ke6 $18 g1=Q 48. Rxg1 Re2+ 49. Kxd5) 47... Rh1 $19 48. c7 Rc1 49. Ke6 {[%cal Rg7g8]} Re1+ (49... Rc6+ $142 50. Kxd5 Rxc7 $1 {[%mdl 576] Promotion} 51. Rxc7 g1=Q 52. f7+ Kf8 53. Rc6 h2 54. Rc8+ Kxf7 55. Rh8 h1=Q+ 56. Rxh1 Qxh1+ 57. Kd6 Qb7 58. Ke5 Qxb3 59. d5 Qd3 60. d6 Qd2 61. Kf5 Qxd6 62. Ke4 Ke6 63. Kf3 Qd3+ 64. Kg2 Ke5 65. Kf2 Kf4 66. Kg2 Qd2+ 67. Kh1 Kf3 68. Kg1 Qg2#) 50. Kd6 {[%cal Rc7c8]} Rc1 51. Ke6 {[%cal Rg7g8]} Re1+ $2 (51... Rc6+ $19 52. Kxd5 Rxc7 $1 {[%mdl 576] Promotion} 53. Rxc7 g1=Q) 52. Kxd5 $2 {[%mdl 8192]} (52. Kd6 $11 Rc1) 52... Rc1 53. Ke6 {[#]} Kf8 $2 ({Better is} 53... Rc6+ $1 $19 54. Ke5 h2) 54. Rf7+ $11 Kg8 (54... Ke8 $5 55. Re7+ $8 Kf8 56. Rf7+ Kg8 57. Rg7+ Kf8 58. Rf7+ $11) 55. Rg7+ Kh8 $2 {[%mdl 8192]} (55... Kf8 $11 56. Rf7+ Ke8 57. Re7+ Kf8 58. Rf7+) 56. Kd7 $4 {[%mdl 8192]} (56. Rg3 {was the only winning move.} g1=Q 57. Rxg1 Rxc7 58. f7 Rc8 59. d5 Rb8 60. Rg3 h2 61. Rh3+ {[%mdl 64] Double Attack} Kg7 62. Rxh2) 56... h2 {Black mates.} 57. Re7 g1=Q 58. Re8+ Kh7 59. f7 Qxd4+ 60. Kc8 {[#]} Rxc7+ $1 {[%mdl 64] Promotion} 61. Kxc7 Qf4+ {[%mdl 64] Double Attack} 62. Kd8 Qxf7 {Accuracy: White = 77%, Black = 75%.} 0-1

[Event "DSIM-Finale"]
[Site "T#645894Emanuel Laske"]
[Date "2020.05.09"]
[Round "10"]
[White "Lizzy Paehtz"]
[Black "Jonas Eilenberg"]
[Result "0-1"]
[WhiteElo "2427"]
[BlackElo "1620"]
[Annotator "TA"]
[PlyCount "50"]
[EventDate "2020.05.09"]
[EventType "tourn (blitz)"]

{[%evp 15,50,0,0,-12,-10,-21,-21,-26,-20,-33,35,25,20,44,10,33,45,-25,-26,-319,-135,-133,-126,-143,-114,-255,-290,-1297,-1119,-2044,-2031,-2031,-1914,-29986,-29987,-29993,-29994]} 1. d4 e6 2. Bf4 d5 3. e3 Bd6 4. Bg3 Nf6 5. Nd2 O-O 6. Bd3 c5 7. c3 Nc6 {7...Qc7 is the fancy move.} 8. Ngf3 b6 9. e4 {Black must now prevent e5. D02: 1 d4 d5 2 Nf3 sidelines, including 2...Nf6 3 g3 and 2...Nf6 3 Bf4.} Be7 10. e5 Nh5 11. a3 {The position is equal.} a5 12. Qe2 c4 (12... Bb7 $15) 13. Bc2 $14 {[#]} Ba6 $146 ({Predecessor:} 13... b5 14. Ng5 Bxg5 15. Qxh5 g6 16. Qe2 f5 17. exf6 Qxf6 18. h4 Bf4 19. Bxf4 Qxf4 {½-½ (59) Kramnik,V (2777)-Zhigalko,S (2656) Berlin 2015}) 14. Nf1 b5 {[%cal Bb6b5,Bb5b4][%mdl 32]} 15. h4 b4 16. Ng5 ({White should play} 16. Bh2 $1 $14) 16... g6 $36 {[%mdl 2048] ...Nxd4! is the strong threat. Black is pushing.} 17. Nxh7 $2 {[%mdl 8192] [#]} (17. Qd2 $11) 17... Nxg3 (17... Kxh7 18. Qxh5+ Kg7 19. Qg4 $18) (17... Nxd4 $1 $19 {and Black stays clearly on top.} 18. cxd4 c3) 18. Nxg3 $17 {[#]} Nxd4 $1 ({But not} 18... Kxh7 $2 19. h5 $18) 19. cxd4 {Threatens to win with Qg4.} c3 20. Qg4 (20. Bd3 $17 cxb2 21. Qxb2 Bxd3 22. Qd2 (22. Nxf8 Qxf8 23. Qd2 Bc4 $17) 22... Kxh7 23. Qxd3) 20... cxb2 $19 ({Avoid the trap} 20... Kxh7 $2 21. h5 $18) 21. Ra2 $2 (21. Rd1 bxa3 22. f3) 21... Qc7 22. Rxb2 Qc3+ 23. Kd1 Qxb2 24. Bxg6 Rfc8 {[%csl Gb2][%cal Rc8c1]} 25. Bc2+ Kh8 {Accuracy: White = 39%, Black = 79%.} 0-1

[Event "DSIM-Finale"]
[Site "T#645894Emanuel Laske"]
[Date "2020.05.09"]
[Round "10"]
[White "Vincent Keymer"]
[Black "Daniel Hausrath"]
[Result "1-0"]
[WhiteElo "2243"]
[BlackElo "1620"]
[Annotator "TA"]
[PlyCount "95"]
[EventDate "2020.05.09"]
[EventType "tourn (blitz)"]

{[%evp 15,95,40,60,29,35,0,21,0,4,6,8,7,7,9,10,-37,-25,-25,-25,-25,-20,-10,-12,-13,-12,-15,0,0,0,-17,-41,-38,-38,-29,-20,-19,0,0,0,-73,-73,-85,-8,-63,-83,-193,-191,-208,-74,-115,0,-135,-158,-177,-206,-175,-195,-217,-168,-314,-314,-306,-306,-548,-278,-473,-470,-450,-444,-420,0,-243,66,-531,-521,-701,223,223,182,248,29991,29992]} 1. Nf3 Nf6 2. d4 g6 3. c4 Bg7 4. g3 O-O 5. Bg2 d6 6. O-O c6 7. Nc3 Qa5 8. Bd2 Qh5 {8...Qa6 is the fancy move.} 9. Ne1 {E62: King's Indian: Fianchetto: 6...c6 and Panno Variation (6...Nc6) without ...a6.} Bh3 {[#]} 10. Nc2 $146 ({Predecessor:} 10. Nd3 e5 11. d5 Bxg2 12. Kxg2 e4 13. Nf4 Qe5 14. h4 Nbd7 15. Qc2 Nb6 16. dxc6 Nxc4 17. cxb7 {0-1 (30) Moerschbach,U-Meyer,P Germany 1990}) 10... e5 (10... d5 {feels hotter.} 11. f3 Bxg2 12. Kxg2 dxc4 13. e4 Nbd7) 11. dxe5 {The position is equal.} (11. d5 {looks sharper.} cxd5 12. cxd5 Nbd7 13. e4 Qxd1 14. Raxd1 Bxg2 15. Kxg2 Nb6 16. b3) 11... dxe5 (11... Ng4 $5 12. f3 $8 Nxe5 $11) 12. e4 {Threatens to win with Qxh5.} Qxd1 13. Raxd1 Be6 14. b3 Na6 15. f4 exf4 16. gxf4 ({Don't play} 16. Rxf4 Rad8 $17) 16... Bg4 17. Bf3 Bxf3 18. Rxf3 Rad8 19. e5 Ng4 20. Rff1 Rd3 21. Ne1 Rd7 22. h3 (22. Nf3 $5 {[%cal Rh2h3]}) 22... Nh6 23. Be3 Rxd1 24. Nxd1 Rd8 $36 {[%mdl 2048] Black fights for an advantage.} 25. Nc3 Nf5 26. Bxa7 Bf8 27. Bf2 (27. Ne4 $11) 27... Nc5 $1 $17 {[%mdl 1024] Black has strong compensation.} 28. Ng2 Rd2 (28... Rd3 $17 29. Rc1 Rxh3) 29. Rd1 (29. Ne3 $1 $11) 29... Rc2 $15 30. Be1 (30. b4 $17 {was forced.}) 30... Ne6 $19 31. Ne4 {[#]} Rxa2 (31... Rxg2+ $1 $19 {[%mdl 512]} 32. Kxg2 Ne3+ {[%mdl 64] Double Attack} 33. Kf3 Nxd1) 32. Bf2 {[#]} Kg7 (32... Bh6 $1 $17 33. Nf6+ Kg7 34. Ne8+ Kf8) 33. h4 (33. Nd6 $1 $11 {keeps the balance.}) 33... Rb2 $17 34. Rd7 Rb1+ 35. Kh2 Rxb3 36. h5 gxh5 37. Nh4 (37. Ng3 {was worth a try.} Nxg3 38. Bxg3) 37... Nxh4 $19 38. Bxh4 {f5 would now be nice for White.} Nxf4 {And now ...Rh3+ would win.} 39. Ng5 $2 (39. Bg3 Rb2+ 40. Kh1) 39... Rb2+ 40. Kg1 $2 (40. Kh1 {is a better defense.} Ng6 41. Nf3) 40... Bc5+ 41. Kh1 Rb1+ 42. Kh2 Rb2+ $2 ({Black should play} 42... Kg6 $19 43. Nh3 Ne6) 43. Kg3 $2 (43. Kh1 $1 $11 {and White has nothing to worry.} Kg6 44. Ne4) 43... Ng6 $2 (43... Ne2+ $19 44. Kg2 Nd4+ 45. Kf1 h6) 44. Rxf7+ $2 {[%mdl 8192]} (44. Ne6+ $1 $14 Kg8 45. Nxc5 Nxe5 {[%mdl 64] Double Attack} 46. Re7) 44... Kg8 45. e6 {intending Ne4.} Bf2+ $4 {[%mdl 8192]} (45... Bd6+ $19 46. Kf3 Nxh4+ 47. Ke3 Bc5+ 48. Kd3 Ng6) 46. Rxf2 $18 Rxf2 47. Kxf2 Nxh4 $2 (47... b5 $18 48. Bg3 Kg7) 48. e7 {Accuracy: White = 41%, Black = 59%.} 1-0